<?xml version="1.0" encoding="UTF-8"?>
<collection xmlns:xsi="http://www.w3.org/2001/XMLSchema-instance" xsi:schemaLocation="http://www.loc.gov/MARC21/slim http://www.loc.gov/standards/marcxml/schema/MARC21slim.xsd" xmlns="http://www.loc.gov/MARC21/slim">
 <record>
  <leader>00000nam a2200000 i 4500</leader>
  <controlfield tag="001">UP-8027390931311667368</controlfield>
  <controlfield tag="003">Buklod</controlfield>
  <controlfield tag="005">20250305152756.0</controlfield>
  <controlfield tag="006">m    |o  d |      </controlfield>
  <controlfield tag="007">ta</controlfield>
  <controlfield tag="008">250305t20232023cauadla|r   b 001 0 eng  </controlfield>
  <datafield tag="020" ind1=" " ind2=" ">
   <subfield code="a">9781544372600</subfield>
   <subfield code="a">paperback</subfield>
  </datafield>
  <datafield tag="035" ind1=" " ind2=" ">
   <subfield code="a">22784700</subfield>
  </datafield>
  <datafield tag="037" ind1=" " ind2=" ">
   <subfield code="a">Pu-30033</subfield>
   <subfield code="c">PhP 12,675.08</subfield>
  </datafield>
  <datafield tag="040" ind1=" " ind2=" ">
   <subfield code="a">DLC</subfield>
   <subfield code="d">DCPA</subfield>
   <subfield code="e">rda</subfield>
  </datafield>
  <datafield tag="041" ind1="0" ind2=" ">
   <subfield code="a">eng</subfield>
  </datafield>
  <datafield tag="090" ind1="0" ind2="0">
   <subfield code="a">H 97</subfield>
   <subfield code="b">L56 2023</subfield>
  </datafield>
  <datafield tag="100" ind1="1" ind2=" ">
   <subfield code="a">Linquiti, Peter D.</subfield>
   <subfield code="e">author.</subfield>
  </datafield>
  <datafield tag="245" ind1="1" ind2="0">
   <subfield code="a">Rebooting policy analysis</subfield>
   <subfield code="b">strengthening the foundation, expanding the scope</subfield>
   <subfield code="c">Peter Linquiti.</subfield>
  </datafield>
  <datafield tag="264" ind1=" " ind2="1">
   <subfield code="a">Thousand Oaks, California</subfield>
   <subfield code="b">Sage Publications</subfield>
   <subfield code="c">[2023]</subfield>
  </datafield>
  <datafield tag="300" ind1=" " ind2=" ">
   <subfield code="a">xxi, 589 pages</subfield>
   <subfield code="b">illustrations</subfield>
   <subfield code="c">23 cm</subfield>
  </datafield>
  <datafield tag="336" ind1=" " ind2=" ">
   <subfield code="a">text</subfield>
   <subfield code="b">txt</subfield>
   <subfield code="2">rdacontent</subfield>
  </datafield>
  <datafield tag="337" ind1=" " ind2=" ">
   <subfield code="a">unmediated</subfield>
   <subfield code="2">rdamedia</subfield>
  </datafield>
  <datafield tag="338" ind1=" " ind2=" ">
   <subfield code="a">volume</subfield>
   <subfield code="b">nc</subfield>
   <subfield code="2">rdacarrier</subfield>
  </datafield>
  <datafield tag="504" ind1=" " ind2=" ">
   <subfield code="a">Includes bibliographical references (pages 555-573) and index.</subfield>
  </datafield>
  <datafield tag="505" ind1="0" ind2="0">
   <subfield code="a">Part I: The Classical Models and their Limitations  --  Chapter 1  Thinking about the Future: Prospective Policy Analysis -- Chapter 2  Thinking About the Past: Retrospective Program and Impact Evaluation -- Chapter 3  Obstacles to Using Classical Policy Analysis Models in the Real World  --  Part II: Introduction: Thinking Clearly  --  Chapter 4  Using Metacognition to Check Your Own Biases &amp; the Biases of Others  --  Chapter 5  Using Logic to Identify Tentative Truths  --  Chapter 6 Collecting and Evaluating Evidence for Use in Policy Analysis -- Chapter 7  The Mindset of an Effective Policy Analyst  --  Part III: Looking at Policy Issues Through Different Lenses  --  Chapter 8  The Equity Lens  --  Chapter 9 The Economics Lens -- Chapter 10  The Political and Institutional Lenses  --  Chapter 11  The Legal, Sustainability, and Science and Technology Lenses  --  Part IV: The Building Blocks of Policy Analysis  --  Chapter 12  Incorporating Systems Thinking in Policy Analysis --  Chapter 13  Using Policy Analysis to Visualize the Future  --  Chapter 14  Designing and (Re)Designing Public Policies  --  Chapter 15  Having an Impact While Preserving Your Integrity.  --  Appendix 15-A  Ethics Codes from Four Organizations  --  References  --  Index</subfield>
  </datafield>
  <datafield tag="520" ind1="0" ind2=" ">
   <subfield code="a">Rebooting Policy Analysis: Strengthening the Foundation, Expanding the Scope is a savvy introduction to policy analysis that gets students thinking, not just about how decisions should be made, but how they are made. The text highlights practical skills needed to advise decision-makers on matters of public policy in ways that are well-informed and solutions-oriented, while managing limitations like time, resources, and information. In a world that has become increasingly complex and partisan, the strength of policy analysis rests not only in its classical academic methods, but on the development of a practical, analytic mindset.</subfield>
   <subfield code="c">Provided by publisher</subfield>
  </datafield>
  <datafield tag="650" ind1=" " ind2="0">
   <subfield code="a">Policy sciences</subfield>
   <subfield code="x">Methodology.</subfield>
  </datafield>
  <datafield tag="658" ind1=" " ind2=" ">
   <subfield code="a">Methods of Policy Analysis I</subfield>
   <subfield code="c">PA 242.1 .</subfield>
  </datafield>
  <datafield tag="658" ind1=" " ind2=" ">
   <subfield code="a">Methods of Policy Analysis II</subfield>
   <subfield code="c">PA 242.2.</subfield>
  </datafield>
  <datafield tag="905" ind1=" " ind2=" ">
   <subfield code="a">FO</subfield>
  </datafield>
  <datafield tag="852" ind1="0" ind2=" ">
   <subfield code="a">UPD</subfield>
   <subfield code="b">DCPA</subfield>
   <subfield code="h">H 97</subfield>
   <subfield code="i">L56 2023</subfield>
  </datafield>
  <datafield tag="942" ind1=" " ind2=" ">
   <subfield code="a">Book</subfield>
  </datafield>
 </record>
</collection>
